000 00693nam a22002057a 4500
999 _c5164
_d5164
003 AR-CdUCM
008 190312b ||||| |||| 00| 0 spa d
040 _aMUNICIPALIDAD PROVINCIAL DEL CUSCO
_cBIBLIOTECA MUNICIPAL DEL CUSCO
082 _a300 /
_bS71
100 _aSotillo Humire, Mario
_915683
245 _aIntroducción a las ciencias sociales /
260 _aArequipa :
_bUniversidad Nacional de San Agustín,
_c1968
300 _a187 paginas ;
_c21 cm.
500 _aDonación familia Nieto
505 _aContenido :Clasificación de las ciencias --Importancia de la sociología /
650 _aSociologia
_9276
650 _aCiencias
_98174
942 _2ddc
_cLIBROS
945 _arjall